[Event "Central America & Caribbean U18"]
[Site "Hotel Continental Panama"]
[Date "2017.08.10"]
[Round "1.8"]
[White "Herrera, Diego"]
[Black "Nieto Rodriguez, Alejandro"]
[Result "0-1"]
[WhiteElo "1670"]
[BlackElo "2193"]
[PlyCount "54"]
[EventDate "2017.08.10"]
[EventType "swiss"]
[EventRounds "9"]
[EventCountry "PAN"]
[SourceTitle "EXT 2024"]
[Source "ChessBase"]
[SourceDate "2023.10.10"]
[SourceVersion "1"]
[SourceVersionDate "2023.10.10"]
[SourceQuality "1"]

1. e4 g6 2. d4 Bg7 3. Nf3 c6 4. Nc3 d5 5. exd5 cxd5 6. Bf4 Nf6 7. Be2 0-0 8. 0-0 Bg4 9. h3 Bxf3 10. Bxf3 Nc6 11. Be5 e6 12. Qe2 Nxe5 13. dxe5 Nd7 14. Qb5 Nxe5 15. Be2 Qc7 16. Qb3 a6 17. a4 Rac8 18. Rfc1 Bh6 19. Rd1 Rfd8 20. Rd4 Nc6 21. Rh4 Bg7 22. Bd3 Na5 23. Qb4 Bf6 24. Rg4 h5 25. Rg3 Be7 26. Qd4 Qxg3 27. fxg3 Bc5 0-1

[Event "Pan American-ch U18"]
[Site "San Jose"]
[Date "2017.07.03"]
[Round "4"]
[White "Molina Mendoza, Omar"]
[Black "Nieto Rodriguez, Alejandro"]
[Result "0-1"]
[WhiteElo "2159"]
[BlackElo "2299"]
[PlyCount "62"]
[EventDate "2017.07.01"]
[EventType "swiss"]
[EventRounds "9"]
[EventCountry "CRI"]
[SourceTitle "EXT 2022"]
[Source "ChessBase"]
[SourceDate "2021.10.06"]
[SourceVersion "1"]
[SourceVersionDate "2021.10.06"]
[SourceQuality "1"]

1. d4 g6 2. g3 Bg7 3. Bg2 c5 4. Nf3 Nf6 5. 0-0 0-0 6. c4 d6 7. Nc3 cxd4 8. Nxd4 Qc7 9. b3 a6 10. Bb2 Nc6 11. Nd5 Nxd5 12. cxd5 Nxd4 13. Bxd4 Bd7 14. Bxg7 Kxg7 15. Qd4+ f6 16. Rfc1 Qa5 17. b4 Qd8 18. a4 a5 19. b5 b6 20. Rc3 Rc8 21. Rxc8 Bxc8 22. Rc1 Bd7 23. Qc3 Qb8 24. Qc7 Rc8 25. Qxd7 Rxc1+ 26. Bf1 Kf8 27. Qe6 Qc8 28. Qe3 Ra1 29. Qh6+ Kg8 30. Qe3 Qh3 31. Qf3 Qxf1# 0-1

[Event "Pan American-ch U18"]
[Site "San Jose"]
[Date "2017.07.03"]
[Round "5"]
[White "Nieto Rodriguez, Alejandro"]
[Black "Premkumar, Hiren"]
[Result "1/2-1/2"]
[WhiteElo "2299"]
[BlackElo "1911"]
[PlyCount "92"]
[EventDate "2017.07.01"]
[EventType "swiss"]
[EventRounds "9"]
[EventCountry "CRI"]
[SourceTitle "EXT 2022"]
[Source "ChessBase"]
[SourceDate "2021.10.06"]
[SourceVersion "1"]
[SourceVersionDate "2021.10.06"]
[SourceQuality "1"]

1. c4 c5 2. g3 Nc6 3. Bg2 g6 4. e3 Bg7 5. Ne2 b6 6. 0-0 Bb7 7. d4 Nh6 8. Nbc3 0-0 9. d5 Na5 10. b3 f5 11. Bb2 Nf7 12. Nf4 Qe8 13. Qe2 e5 14. dxe6 dxe6 15. Bxb7 Nxb7 16. Nb5 Bxb2 17. Qxb2 Qc6 18. f3 a6 19. Nc3 Rae8 20. Kg2 Ne5 21. Nd1 Nd7 22. h4 Nf6 23. Nd3 Nd8 24. Ne5 Qb7 25. Nf2 Nc6 26. Nfd3 Nd7 27. Rf2 Ndxe5 28. Nxe5 Nxe5 29. Qxe5 Qd7 30. h5 Qg7 31. Qxg7+ Kxg7 32. hxg6 hxg6 33. Rd1 Rd8 34. Rfd2 Rxd2+ 35. Rxd2 Kf6 36. Rd7 Rb8 37. a4 b5 38. axb5 axb5 39. Rc7 bxc4 40. bxc4 Rb2+ 41. Kf1 Rb1+ 42. Ke2 Rb2+ 43. Kd3 Rb3+ 44. Ke2 Rb2+ 45. Kf1 Rb1+ 46. Kg2 Rb2+ 1/2-1/2

[Event "Pan American-ch U18"]
[Site "San Jose"]
[Date "2017.07.02"]
[Round "2"]
[White "Marin Masis, Jose Esteban"]
[Black "Nieto Rodriguez, Alejandro"]
[Result "0-1"]
[WhiteElo "1972"]
[BlackElo "2299"]
[PlyCount "74"]
[EventDate "2017.07.01"]
[EventType "swiss"]
[EventRounds "9"]
[EventCountry "CRI"]
[SourceTitle "EXT 2022"]
[Source "ChessBase"]
[SourceDate "2021.10.06"]
[SourceVersion "1"]
[SourceVersionDate "2021.10.06"]
[SourceQuality "1"]

1. Nf3 Nf6 2. c4 e6 3. g3 b6 4. Bg2 Bb7 5. 0-0 c5 6. b3 Be7 7. Bb2 0-0 8. e3 d6 9. Qe2 Nc6 10. Rd1 Qc7 11. Nc3 a6 12. Rac1 Ne5 13. d4 Nxf3+ 14. Bxf3 Rab8 15. a4 Nd7 16. d5 e5 17. e4 g6 18. Rc2 Bg5 19. h4 Bh6 20. Bg4 Bc8 21. Bh3 Qd8 22. Bc1 Bxc1 23. Rdxc1 f5 24. h5 Qg5 25. hxg6 hxg6 26. Kg2 Kg7 27. exf5 gxf5 28. Qd2 Qg6 29. Rh1 Nf6 30. Qd3 Rh8 31. Rcc1 Bd7 32. Kf1 Qg5 33. Rd1 Kf7 34. Ke2 Rxh3 35. Rxh3 Qg4+ 36. Qf3 Qxh3 37. Rh1 Qg4 0-1

[Event "Pan American-ch U18"]
[Site "San Jose"]
[Date "2017.07.01"]
[Round "1"]
[White "Nieto Rodriguez, Alejandro"]
[Black "Herrera, Diego"]
[Result "1-0"]
[WhiteElo "2299"]
[BlackElo "1704"]
[PlyCount "67"]
[EventDate "2017.07.01"]
[EventType "swiss"]
[EventRounds "9"]
[EventCountry "CRI"]
[SourceTitle "EXT 2022"]
[Source "ChessBase"]
[SourceDate "2021.10.06"]
[SourceVersion "1"]
[SourceVersionDate "2021.10.06"]
[SourceQuality "1"]

1. c4 Nf6 2. Nc3 g6 3. g3 Bg7 4. Bg2 0-0 5. e4 d6 6. Nge2 c5 7. 0-0 Nc6 8. d3 Nd7 9. Be3 Nde5 10. h3 f5 11. f4 Nd7 12. d4 Nb6 13. b3 cxd4 14. Nxd4 Nxd4 15. Bxd4 e5 16. fxe5 dxe5 17. Bc5 Re8 18. Qxd8 Rxd8 19. Bxb6 axb6 20. Nd5 fxe4 21. Nxb6 Rb8 22. Nxc8 Rbxc8 23. Bxe4 Rc7 24. Rad1 Rd4 25. Bd5+ Kh8 26. Rxd4 exd4 27. Re1 h5 28. Re8+ Kh7 29. a4 b6 30. Kf2 Bh6 31. Ke2 Be3 32. Re6 Rf7 33. Rxe3 dxe3 34. Bxf7 1-0

[Event "Pan American-ch U20"]
[Site "Guatape"]
[Date "2016.06.21"]
[Round "2"]
[White "Nieto Rodriguez, Alejandro"]
[Black "Ampie, Mauro"]
[Result "1/2-1/2"]
[WhiteElo "2203"]
[BlackElo "2373"]
[PlyCount "84"]
[EventDate "2016.06.20"]
[EventType "swiss"]
[EventRounds "9"]
[EventCountry "COL"]
[SourceTitle "EXT 2017"]
[Source "ChessBase"]
[SourceDate "2016.10.25"]
[SourceVersion "1"]
[SourceVersionDate "2016.10.25"]
[SourceQuality "1"]

1. d4 Nf6 2. Bf4 c5 3. e3 cxd4 4. exd4 e6 5. Nf3 b6 6. Bd3 Bb7 7. 0-0 Be7 8. Nbd2 0-0 9. c3 d6 10. a4 a6 11. Qb3 Nbd7 12. c4 a5 13. Rac1 Rc8 14. Rfd1 Nb8 15. Bb1 Na6 16. Qe3 Nb4 17. b3 Re8 18. h3 Bf8 19. Bg5 h6 20. Bf4 Bc6 21. Nf1 Qc7 22. Re1 Qb7 23. N1h2 Nh5 24. g4 Nxf4 25. Qxf4 Be7 26. h4 e5 27. dxe5 dxe5 28. Rxe5 Bd6 29. Rxe8+ Rxe8 30. Qxd6 Bxf3 31. Qf4 Bc6 32. Rd1 Qe7 33. h5 Qe2 34. Rf1 Nd3 35. Qd6 Ne5 36. Qd1 Nf3+ 37. Nxf3 Qxf3 38. Qxf3 Bxf3 39. Bf5 Kf8 40. Kh2 Rd8 41. Re1 Re8 42. Rc1 Kg8 1/2-1/2

[Event "Santo Domingo Cerrado op 2nd"]
[Site "Santo Domingo"]
[Date "2016.05.28"]
[Round "5"]
[White "Arvelo Leo, Gian Carlo"]
[Black "Nieto Rodriguez, Alejandro"]
[Result "0-1"]
[WhiteElo "2148"]
[BlackElo "2203"]
[PlyCount "94"]
[EventDate "2016.05.20"]
[EventType "swiss"]
[EventRounds "6"]
[EventCountry "DOM"]
[SourceTitle "CBM 172 Extra"]
[Source "ChessBase"]
[SourceDate "2016.06.21"]
[SourceVersion "1"]
[SourceVersionDate "2016.06.21"]
[SourceQuality "1"]

1. Nf3 Nf6 2. g3 b5 3. Bg2 Bb7 4. 0-0 e6 5. d3 c5 6. Nbd2 d5 7. Re1 Be7 8. e4 0-0 9. e5 Nfd7 10. Nf1 Nc6 11. c3 b4 12. Bf4 a5 13. h4 a4 14. a3 bxc3 15. bxc3 Ba6 16. h5 Rb8 17. h6 g6 18. N1h2 Rb3 19. Bf1 Na5 20. Qc1 c4 21. d4 Qc7 22. Bg5 Bxg5 23. Nxg5 Qd8 24. Bh3 Qe7 25. Ng4 Bc8 26. Qf4 Nc6 27. Re3 Nd8 28. Nf6+ Nxf6 29. exf6 Qd7 30. Qe5 Nc6 31. Qf4 Nd8 32. Rae1 Qc6 33. Bxe6 Bxe6 34. Rxe6 Nxe6 35. Rxe6 Qc8 36. Qe5 fxe6 37. f7+ Rxf7 38. Nxf7 Kxf7 39. Qg7+ Ke8 40. Qxh7 Rb7 41. Qxg6+ Ke7 42. g4 Qe8 43. Qg5+ Kd6 44. f4 Kc6 45. Qe5 Qg6 46. g5 Rb2 47. Qe1 Rb1 0-1

[Event "DOM-ch"]
[Site "Santo Domingo"]
[Date "2016.04.02"]
[Round "2"]
[White "Camacho Campusano, David Daniel"]
[Black "Nieto Rodriguez, Alejandro"]
[Result "1/2-1/2"]
[WhiteElo "2078"]
[BlackElo "2221"]
[PlyCount "118"]
[EventDate "2016.04.01"]
[EventType "swiss"]
[EventRounds "11"]
[EventCountry "DOM"]
[SourceTitle "CBM 171 Extra"]
[Source "ChessBase"]
[SourceDate "2016.04.26"]
[SourceVersion "1"]
[SourceVersionDate "2016.04.26"]
[SourceQuality "1"]

1. Nf3 Nf6 2. g3 b6 3. Bg2 Bb7 4. 0-0 e6 5. d3 d5 6. Nbd2 Be7 7. Re1 c5 8. c3 0-0 9. h4 Re8 10. Qb3 Nc6 11. e4 Qc7 12. a3 a6 13. e5 Nd7 14. d4 f6 15. Bh3 Nf8 16. Nf1 fxe5 17. dxe5 Rad8 18. Bf4 c4 19. Qd1 d4 20. cxd4 Nxd4 21. Nxd4 Rxd4 22. Qe2 Qc6 23. f3 Qxf3 24. Qxf3 Bxf3 25. Be3 Rd7 26. Nd2 Bd5 27. Bxb6 Rb8 28. Bd4 Bg2 29. Bxg2 Rxd4 30. Nf3 Rd3 31. Re2 Rdb3 32. Rc1 Rxb2 33. Rxb2 Rxb2 34. Rxc4 Bxa3 35. Ra4 Bc5+ 36. Kh2 Rb6 37. Bf1 Rb3 38. Kg2 Rb2+ 39. Kh3 Rb3 40. Kg2 Ra3 41. Rxa6 Rxa6 42. Bxa6 h6 43. Kh3 Kf7 44. Kg4 Be3 45. Bb5 Bc1 46. Ne1 Ng6 47. Nd3 Bd2 48. Kf3 Bc3 49. Ke4 h5 50. Ba4 Nf8 51. Bd1 g6 52. g4 hxg4 53. Bxg4 Nd7 54. Bxe6+ Kxe6 55. Nf4+ Ke7 56. Nd5+ Ke6 57. Nf4+ Ke7 58. Nxg6+ Kf7 59. Kf5 Nxe5 1/2-1/2

[Event "Santo Domingo Duarte Memorial 5th"]
[Site "Santo Domingo"]
[Date "2016.01.10"]
[Round "4"]
[White "Toro Rojas, Freddy Alberto"]
[Black "Nieto Rodriguez, Alejandro"]
[Result "1/2-1/2"]
[WhiteElo "1913"]
[BlackElo "2017"]
[PlyCount "76"]
[EventDate "2016.01.08"]
[EventType "swiss"]
[EventRounds "8"]
[EventCountry "DOM"]
[SourceTitle "CBM 170 Extra"]
[Source "ChessBase"]
[SourceDate "2016.02.25"]
[SourceVersion "1"]
[SourceVersionDate "2016.02.25"]
[SourceQuality "1"]

1. d4 Nf6 2. Nf3 b6 3. g3 e6 4. Bg2 Bb7 5. Bg5 Be7 6. 0-0 h6 7. Bxf6 Bxf6 8. c3 0-0 9. Nbd2 d6 10. Qc2 g6 11. h4 h5 12. Ne4 Bg7 13. Neg5 Qf6 14. Nh7 Kxh7 15. Ng5+ Kg8 16. Bxb7 Nd7 17. Bxa8 Rxa8 18. e4 e5 19. d5 Bh6 20. f4 Rf8 21. Rf2 exf4 22. gxf4 Re8 23. Raf1 Qe7 24. Re1 Nf6 25. Rfe2 Qd7 26. e5 Qg4+ 27. Rg2 Qxh4 28. Nf3 Qxf4 29. exf6 Rxe1+ 30. Nxe1 Qxf6 31. Qe4 g5 32. Nf3 g4 33. Nd4 Qg5 34. Nf5 Qc1+ 35. Kf2 Qxb2+ 36. Kg1 Qc1+ 37. Kf2 Qb2+ 38. Kg1 Qc1+ 1/2-1/2

[Event "Santo Domingo La Raza op"]
[Site "Santo Domingo"]
[Date "2015.10.14"]
[Round "4"]
[White "Brito Rondon, Enmanuel De Jesus"]
[Black "Nieto Rodriguez, Alejandro"]
[Result "1-0"]
[WhiteElo "1925"]
[BlackElo "2123"]
[PlyCount "53"]
[EventDate "2015.10.12"]
[EventType "swiss"]
[EventRounds "8"]
[EventCountry "DOM"]
[SourceTitle "CBM 169 Extra"]
[Source "ChessBase"]
[SourceDate "2015.12.18"]
[SourceVersion "1"]
[SourceVersionDate "2015.12.18"]
[SourceQuality "1"]

1. c4 b6 2. Nc3 Bb7 3. e4 e6 4. d4 Bb4 5. f3 Ne7 6. Be3 0-0 7. Nge2 f5 8. a3 Bxc3+ 9. Nxc3 fxe4 10. fxe4 Nbc6 11. Qg4 Ba6 12. 0-0-0 Qe8 13. Bf4 e5 14. Bxe5 Nxe5 15. dxe5 Ng6 16. Qxd7 Qxe5 17. Qd5+ Kh8 18. Qxe5 Nxe5 19. c5 Bxf1 20. Rhxf1 Nd3+ 21. Kb1 Nxc5 22. b4 Ne6 23. Rf5 Rfd8 24. Rfd5 Rxd5 25. exd5 Nd8 26. Nb5 c6 27. Re1 1-0

[Event "Santo Domingo Summer op"]
[Site "Santo Domingo"]
[Date "2015.07.26"]
[Round "8"]
[White "Nieto Rodriguez, Alejandro"]
[Black "Toro Rojas, Freddy Alberto"]
[Result "1-0"]
[WhiteElo "2205"]
[BlackElo "1957"]
[PlyCount "87"]
[EventDate "2015.07.17"]
[EventType "swiss"]
[EventRounds "8"]
[EventCountry "DOM"]
[SourceTitle "EXT 2016"]
[Source "ChessBase"]
[SourceDate "2015.10.08"]
[SourceVersion "1"]
[SourceVersionDate "2015.10.08"]
[SourceQuality "1"]

1. c4 c5 2. g3 Nf6 3. Bg2 Nc6 4. Nc3 g6 5. a3 Bg7 6. Rb1 0-0 7. b4 d6 8. e3 Bf5 9. d3 a5 10. b5 Ne5 11. e4 Bg4 12. f3 Be6 13. Nge2 b6 14. 0-0 Bd7 15. f4 Neg4 16. h3 Nh6 17. g4 Nhxg4 18. hxg4 Nxg4 19. Qe1 h5 20. f5 e6 21. Qg3 exf5 22. exf5 Bxf5 23. Bxa8 Qxa8 24. Nd5 Qd8 25. Bb2 Re8 26. Nef4 Re5 27. Ng2 Be6 28. Bxe5 Bxe5 29. Qh4 Bd4+ 30. Kh1 Qxh4+ 31. Nxh4 Bxd5+ 32. cxd5 Ne3 33. Rfe1 Nxd5 34. Re8+ Kg7 35. Nf3 Bf6 36. Rb8 g5 37. Nd2 g4 38. Nc4 g3 39. Kg2 h4 40. Kf3 Nc3 41. Rb3 Nd1 42. Rxb6 d5 43. Rxf6 dxc4 44. dxc4 1-0

[Event "Santo Domingo Summer op"]
[Site "Santo Domingo"]
[Date "2015.07.25"]
[Round "7"]
[White "Almonte Almanzar, Jose Amado"]
[Black "Nieto Rodriguez, Alejandro"]
[Result "0-1"]
[WhiteElo "1895"]
[BlackElo "2205"]
[PlyCount "88"]
[EventDate "2015.07.17"]
[EventType "swiss"]
[EventRounds "8"]
[EventCountry "DOM"]
[SourceTitle "EXT 2016"]
[Source "ChessBase"]
[SourceDate "2015.10.08"]
[SourceVersion "1"]
[SourceVersionDate "2015.10.08"]
[SourceQuality "1"]

1. e4 c5 2. Bc4 Nc6 3. a3 Nf6 4. Nc3 g6 5. d3 Bg7 6. Nge2 0-0 7. 0-0 a6 8. Be3 d6 9. h3 b5 10. Ba2 Rb8 11. Qd2 Re8 12. f4 e6 13. Rad1 b4 14. axb4 cxb4 15. Nb1 Qa5 16. Bb3 Qb5 17. Nd4 Nxd4 18. Bxd4 a5 19. Qf2 a4 20. Bc4 Qc6 21. e5 Nd7 22. Nd2 d5 23. Ba2 Qxc2 24. Qe3 Ba6 25. Bb1 Qc7 26. Rc1 Qa5 27. Rc2 Rec8 28. Rfc1 Rxc2 29. Rxc2 Bf8 30. Nf3 b3 31. Rc6 Bb5 32. Rd6 Qd8 33. g4 Bxd6 34. exd6 Qf8 35. Ne5 f6 36. Nxd7 Bxd7 37. g5 Rc8 38. Bxf6 Qxd6 39. Be5 Qc5 40. Bd4 Qc1+ 41. Kg2 Qxe3 42. Bxe3 d4 43. Bd2 a3 44. bxa3 b2 0-1

[Event "Santo Domingo Summer op"]
[Site "Santo Domingo"]
[Date "2015.07.24"]
[Round "5"]
[White "Arias Diaz, Ernesto Antonio"]
[Black "Nieto Rodriguez, Alejandro"]
[Result "1-0"]
[WhiteElo "1876"]
[BlackElo "2205"]
[PlyCount "43"]
[EventDate "2015.07.17"]
[EventType "swiss"]
[EventRounds "8"]
[EventCountry "DOM"]
[SourceTitle "EXT 2016"]
[Source "ChessBase"]
[SourceDate "2015.10.08"]
[SourceVersion "1"]
[SourceVersionDate "2015.10.08"]
[SourceQuality "1"]

1. Nf3 Nf6 2. c4 e6 3. Nc3 b6 4. d4 Bb4 5. Bd2 0-0 6. e3 Bb7 7. Bd3 c5 8. Qc2 cxd4 9. exd4 Bxf3 10. gxf3 Nc6 11. Be3 d5 12. 0-0-0 dxc4 13. Bxc4 Bxc3 14. Qxc3 Na5 15. Kb1 Rc8 16. b3 b5 17. d5 exd5 18. Rhg1 Kh8 19. Rxg7 Kxg7 20. Qe5 bxc4 21. Rg1+ Kh8 22. Bh6 1-0

[Event "DOM-ch"]
[Site "Santo Domingo"]
[Date "2015.05.09"]
[Round "6"]
[White "Nieto Rodriguez, Alejandro"]
[Black "Feliz Dotel, Dewar Bienvenido"]
[Result "1-0"]
[WhiteElo "2248"]
[BlackElo "2047"]
[PlyCount "103"]
[EventDate "2015.05.01"]
[EventType "swiss"]
[EventRounds "11"]
[EventCountry "DOM"]
[SourceTitle "CBM 166 Extra"]
[Source "ChessBase"]
[SourceDate "2015.06.18"]
[SourceVersion "1"]
[SourceVersionDate "2015.06.18"]
[SourceQuality "1"]

1. c4 e5 2. g3 Nf6 3. Bg2 g6 4. Nc3 Bg7 5. e4 c6 6. Nge2 d6 7. d3 Na6 8. 0-0 0-0 9. h3 Nh5 10. Kh2 f5 11. exf5 gxf5 12. f4 Nf6 13. Be3 h5 14. fxe5 dxe5 15. d4 h4 16. dxe5 Nh5 17. Qxd8 Rxd8 18. Bg5 hxg3+ 19. Kg1 Rd3 20. Bf3 Rxf3 21. Rxf3 Bxe5 22. Bf4 Nxf4 23. Nxf4 Kf7 24. Kg2 Nc5 25. Rd1 Be6 26. Nxe6 Kxe6 27. Re1 Rg8 28. Rfe3 Nd7 29. Ne2 Kf6 30. Rf1 Bxb2 31. Nxg3 Ne5 32. Rxf5+ Ke6 33. Rf1 Kd6 34. Rb3 Nxc4 35. Rf4 b5 36. Rxc4 bxc4 37. Rxb2 Kc5 38. Kf3 Kd4 39. Rd2+ Kc3 40. Ne4+ Kb4 41. Rb2+ Ka3 42. Rc2 Kb4 43. h4 a5 44. Nd6 Rf8+ 45. Ke3 c3 46. Ne4 Rh8 47. Rh2 Kc4 48. h5 Rh6 49. Rh4 Kb4 50. Kd3 Ka3 51. Nxc3 c5 52. Kc2 1-0

[Event "DOM-ch"]
[Site "Santo Domingo"]
[Date "2015.05.02"]
[Round "3"]
[White "Guzman, Christopher"]
[Black "Nieto Rodriguez, Alejandro"]
[Result "1-0"]
[WhiteElo "2197"]
[BlackElo "2248"]
[PlyCount "131"]
[EventDate "2015.05.01"]
[EventType "swiss"]
[EventRounds "11"]
[EventCountry "DOM"]
[SourceTitle "CBM 166 Extra"]
[Source "ChessBase"]
[SourceDate "2015.06.18"]
[SourceVersion "1"]
[SourceVersionDate "2015.06.18"]
[SourceQuality "1"]

1. e4 e5 2. Nf3 Nc6 3. Bb5 a6 4. Ba4 Nf6 5. 0-0 Be7 6. Re1 b5 7. Bb3 d6 8. a4 Bb7 9. c3 0-0 10. d4 h6 11. Nbd2 Re8 12. Nf1 Bf8 13. Ng3 g6 14. axb5 axb5 15. Rxa8 Bxa8 16. Nh4 Ne7 17. Qf3 Bg7 18. dxe5 dxe5 19. Bxh6 c5 20. Bxg7 Kxg7 21. Rd1 Qc7 22. Qe3 c4 23. Bc2 Nh7 24. Nf3 f6 25. h4 Nf8 26. b4 Ne6 27. Ne2 Bc6 28. Ra1 Nc8 29. g3 Rd8 30. Ne1 Qb7 31. f3 Nb6 32. Ng2 Re8 33. Qf2 Rd8 34. Qe3 Re8 35. g4 g5 36. Ng3 Rd8 37. Nf5+ Kf7 38. Qf2 Nc8 39. hxg5 Nxg5 40. Kf1 Ke6 41. Ng3 Rh8 42. Nh5 Rd8 43. Rd1 Rxd1+ 44. Bxd1 Nb6 45. Ng7+ Qxg7 46. Qxb6 Qd7 47. Be2 Kf7 48. Ke1 Qc8 49. Ne3 Qd7 50. Nf5 Ne6 51. Qb8 Nd8 52. g5 Kg6 53. gxf6 Kxf6 54. f4 exf4 55. Qxf4 Nf7 56. Bg4 Qa7 57. Nd4+ Kg7 58. Ne6+ Kg8 59. Bf5 Qg1+ 60. Ke2 Qg2+ 61. Ke3 Qg1+ 62. Kd2 Qg2+ 63. Kc1 Qg1+ 64. Kb2 Qg2+ 65. Ka3 Qg1 66. Qb8+ 1-0

[Event "DOM-ch"]
[Site "Santo Domingo"]
[Date "2015.05.01"]
[Round "1"]
[White "Feliz Novas, Samuel"]
[Black "Nieto Rodriguez, Alejandro"]
[Result "0-1"]
[WhiteElo "2016"]
[BlackElo "2248"]
[PlyCount "66"]
[EventDate "2015.05.01"]
[EventType "swiss"]
[EventRounds "11"]
[EventCountry "DOM"]
[SourceTitle "CBM 166 Extra"]
[Source "ChessBase"]
[SourceDate "2015.06.18"]
[SourceVersion "1"]
[SourceVersionDate "2015.06.18"]
[SourceQuality "1"]

1. d4 Nf6 2. c4 e6 3. Nc3 Bb4 4. Qc2 0-0 5. a3 Bxc3+ 6. Qxc3 b6 7. e3 Bb7 8. f3 d5 9. Nh3 Nbd7 10. Bd3 c5 11. b3 cxd4 12. exd4 dxc4 13. bxc4 e5 14. dxe5 Nxe5 15. Be2 Re8 16. 0-0 Rc8 17. Bg5 h6 18. Rfd1 Qe7 19. Bh4 Ne4 20. Qe1 Qc5+ 21. Kh1 Ng5 22. Nxg5 hxg5 23. Bf2 Qc6 24. Qf1 Ng4 25. Rd2 Nxf2+ 26. Qxf2 Rcd8 27. Bd3 g6 28. Be4 Qf6 29. Rxd8 Qxa1+ 30. Qg1 Qxg1+ 31. Kxg1 Rxd8 32. Bxb7 Rd1+ 33. Kf2 Ra1 0-1

[Event "Central America & Caribbean U14"]
[Site "Palmira"]
[Date "2014.10.05"]
[Round "3.6"]
[White "Nieto Rodriguez, Alejandro"]
[Black "Miller, Rachel"]
[Result "1-0"]
[WhiteElo "1950"]
[BlackElo "1770"]
[PlyCount "117"]
[EventDate "2014.10.04"]
[EventType "swiss"]
[EventRounds "9"]
[EventCountry "COL"]
[SourceTitle "EXT 2024"]
[Source "ChessBase"]
[SourceDate "2023.10.10"]
[SourceVersion "1"]
[SourceVersionDate "2023.10.10"]
[SourceQuality "1"]

1. c4 c5 2. g3 Nf6 3. Bg2 d5 4. Nf3 Nc6 5. 0-0 e5 6. cxd5 Nxd5 7. Nc3 Nc7 8. d3 Be7 9. Be3 Rb8 10. Rc1 0-0 11. a3 a5 12. Nd2 Be6 13. Na4 Bd5 14. Bxd5 Nxd5 15. Bxc5 Qd7 16. Bxe7 Ncxe7 17. Nc3 Qh3 18. Nxd5 Nxd5 19. Rc5 Rbd8 20. Nf3 Rd6 21. e3 Nf6 22. Nxe5 Re8 23. Qf3 Kf8 24. d4 b6 25. Rc7 Re7 26. Rxe7 Kxe7 27. Rc1 Qe6 28. Rc7+ Ke8 29. Qa8+ Rd8 30. Qb7 Nd5 31. Rxf7 Ne7 32. Rxe7+ Qxe7 33. Qxe7+ Kxe7 34. Nc6+ Kd7 35. Nxd8 Kxd8 36. d5 Kd7 37. e4 Kd6 38. Kf1 Ke5 39. f4+ Kd6 40. Ke2 Kc5 41. Kd3 h5 42. h3 g6 43. g4 hxg4 44. hxg4 b5 45. f5 gxf5 46. gxf5 b4 47. f6 Kd6 48. Kd4 bxa3 49. bxa3 a4 50. e5+ Kd7 51. e6+ Kd8 52. d6 Kc8 53. f7 Kb7 54. Kc5 Ka6 55. f8Q Kb7 56. Kb5 Ka7 57. Qf7+ Ka8 58. Kb6 Kb8 59. Qb7# 1-0

[Event "Central America & Caribbean U14"]
[Site "Palmira"]
[Date "2014.10.05"]
[Round "4.4"]
[White "Salcedo Perez, Pablo Esteban"]
[Black "Nieto Rodriguez, Alejandro"]
[Result "1-0"]
[WhiteElo "1994"]
[BlackElo "1950"]
[PlyCount "63"]
[EventDate "2014.10.04"]
[EventType "swiss"]
[EventRounds "9"]
[EventCountry "COL"]
[SourceTitle "EXT 2024"]
[Source "ChessBase"]
[SourceDate "2023.10.10"]
[SourceVersion "1"]
[SourceVersionDate "2023.10.10"]
[SourceQuality "1"]

1. d4 Nf6 2. c4 e6 3. Nc3 Bb4 4. e3 0-0 5. Bd2 b6 6. Be2 Bb7 7. Bf3 Bxf3 8. Qxf3 d5 9. Nge2 c6 10. cxd5 exd5 11. a3 Bd6 12. 0-0 Re8 13. Ng3 Nbd7 14. Rac1 Rc8 15. Rfe1 Bxg3 16. hxg3 Ne4 17. Nxe4 dxe4 18. Qe2 c5 19. b4 cxd4 20. exd4 Nf6 21. Bg5 Rxc1 22. Rxc1 h6 23. Bxf6 Qxf6 24. Rc7 Qxd4 25. Rxa7 e3 26. Kh2 Re5 27. Qf3 f6 28. fxe3 Qxe3 29. a4 Qd4 30. Qb3+ Kh7 31. Qc2+ Kg8 32. Qg6 1-0